Central Library OPAC University of Rajshahi

Employment exchanges : (Record no. 46486)

MARC details
000 -LEADER
fixed length control field 00846nam a2200253 a 4500
001 - CONTROL NUMBER
control field 46486
003 - CONTROL NUMBER IDENTIFIER
rucl marc code BD-RjUL
005 - DATE AND TIME OF LATEST TRANSACTION
control field 20211209054146.0
008 - FIXED-LENGTH DATA ELEMENTS--GENERAL INFORMATION
fixed length control field 160802s1933 sz b i000 0 eng d
035 ## - SYSTEM CONTROL NUMBER
System control number (BD-RjUL)46604
040 ## - CATALOGING SOURCE
Original cataloging agency BD-RjUL
Language of cataloging eng
Transcribing agency BD-RjUL
Modifying agency BD-RjUL
041 ## - LANGUAGE CODE
Language code of text/sound track or separate title eng
082 ## - DEWEY DECIMAL CLASSIFICATION NUMBER
Edition number 23
Classification number 331.128
Author mark and year EMP 1933
245 00 - TITLE STATEMENT
Title Employment exchanges :
Remainder of title an international study of placing activities. /
Statement of responsibility, etc. International Labour Office
260 ## - PUBLICATION, DISTRIBUTION, ETC. (IMPRINT)
Place of publication, distribution, etc. Geneva :
Name of publisher, distributor, etc. P.S. King,
Date of publication, distribution, etc. 1933.
300 ## - PHYSICAL DESCRIPTION
Pagination iv, 231 p. ;
Size 23 cm.
490 1# - SERIES STATEMENT
Series statement Studies and reports. Series C, Employment and unemployment ;
Volume/sequential designation no. 18
504 ## - BIBLIOGRAPHY, ETC. NOTE
Bibliography, etc Include bibliography
650 #0 - SUBJECT ADDED ENTRY--TOPICAL TERM
Topical term or geographic name as entry element Employment agencies.
9 (RLIN) 141852
Topical term or geographic name as entry element Labor bureaus.
9 (RLIN) 141853
710 2# - ADDED ENTRY--CORPORATE NAME
Corporate name or jurisdiction name as entry element International Labour Office.
9 (RLIN) 133440
830 #0 - SERIES ADDED ENTRY--UNIFORM TITLE
Uniform title Studies and reports.
Volume number/sequential designation no. 18.
942 ## - ADDED ENTRY ELEMENTS (KOHA)
Source of classification or shelving scheme Dewey Decimal Classification
Koha item type Books
Holdings
Lost status Source of classification or shelving scheme Damaged status Not for loan Collection code Permanent Location Current Location Shelving location Date acquired Source of acquisition Cost, normal purchase price Total Checkouts Full call number Date last seen Copy number Koha item type
  Dewey Decimal Classification     Non-fiction Central Library, University of Rajshahi Central Library, University of Rajshahi   29/01/1962 Dr. A. I. Qurishi 5.00   331.128 EMP 1933 02/08/2016 C-2 Books